[Event "4NCL/Div2/ATH1 vs. KHE"]
[Site "West Bromwich ENG"]
[Date "2002.11.23"]
[Round "1.4"]
[White "Thomas, Richard H"]
[Black "Johansson, Toni"]
[Result "1-0"]
[WhiteElo "2204"]
[BlackElo "2143"]
[PlyCount "55"]
[EventDate "2002.11.23"]

1. d4 Nf6 2. c4 c5 3. Nf3 cxd4 4. Nxd4 e5 5. Nb5 d5 6. cxd5 Bc5 7. e3 a6 8.
N5c3 O-O 9. Be2 e4 10. a3 Re8 11. b4 Bd6 12. Bb2 Re5 13. Nd2 b5 14. Ncxe4 Nxe4
15. Bxe5 Bxe5 16. Nxe4 Bxa1 17. Qxa1 Qxd5 18. Bf3 Qd8 19. Nf6+ gxf6 20. Bxa8
Nd7 21. O-O Nb6 22. Rd1 Qe7 23. Qd4 Qe6 24. Bd5 Qg4 25. Qxg4+ Bxg4 26. f3 Bc8
27. Bb3 Kf8 28. Rd6 1-0

[Event "4NCL/Div2/ATH1 vs. KHE"]
[Site "West Bromwich ENG"]
[Date "2002.11.23"]
[Round "1.5"]
[White "Milligan, Helen"]
[Black "Okike, David C"]
[Result "0-1"]
[WhiteElo "2135"]
[BlackElo "2163"]
[PlyCount "140"]
[EventDate "2002.11.23"]

1. e4 e6 2. d4 d5 3. Nc3 Nf6 4. Bg5 dxe4 5. Nxe4 Be7 6. Nxf6+ Bxf6 7. Bxf6 Qxf6
8. Qd2 c5 9. O-O-O cxd4 10. Qxd4 Qxd4 11. Rxd4 Nc6 12. Rd2 e5 13. Nf3 f6 14.
Bc4 Bd7 15. Rhd1 O-O-O 16. c3 Kc7 17. Ne1 Bg4 18. Rxd8 Nxd8 19. Rd2 Re8 20. Nc2
Bd7 21. Ne3 Bc6 22. g3 Ne6 23. h4 Nc5 24. Bd5 g6 25. Bxc6 Kxc6 26. Kc2 Ne4 27.
Re2 f5 28. Nc4 Kd5 29. Nd2 Nd6 30. Nf3 h6 31. b3 b5 32. Nd2 e4 33. Nf1 Rc8 34.
Ne3+ Ke6 35. Rd2 g5 36. hxg5 hxg5 37. Rd1 Rh8 38. Nd5 Rh7 39. Rd2 Ke5 40. Nb4
Rc7 41. Rd5+ Ke6 42. Rd2 a5 43. Nd5 Rc5 44. Ne3 Nf7 45. c4 Nd6 46. Kc3 Ke5 47.
b4 axb4+ 48. Kxb4 Nxc4 49. Kxc5 Nxd2 50. Kxb5 f4 51. gxf4+ gxf4 52. Nd1 Kd4 53.
Kb4 Nc4 54. Nc3 Nb2 55. Kb3 Nd3 56. Ne2+ Ke5 57. Kc3 f3 58. Ng3 Nxf2 59. Kd2
Ng4 60. a4 Kd4 61. a5 e3+ 62. Ke1 Ne5 63. a6 Nc6 64. Nh5 Kc4 65. Nf6 Kd3 66.
Ng4 e2 67. Nf2+ Ke3 68. Ng4+ Kf4 69. Nf2 Kg3 70. Nd3 Nb4 0-1

[Event "4NCL/Div2/ATH1 vs. KHE"]
[Site "West Bromwich ENG"]
[Date "2002.11.23"]
[Round "1.6"]
[White "Ward, Julian T"]
[Black "McDonnell, James"]
[Result "1-0"]
[WhiteElo "2064"]
[BlackElo "2054"]
[PlyCount "119"]
[EventDate "2002.11.23"]

1. Nf3 d5 2. c4 c6 3. d4 Nf6 4. g3 dxc4 5. Bg2 Be6 6. O-O Bd5 7. Nbd2 Nbd7 8.
Qc2 Bxf3 9. Nxf3 Nb6 10. Rd1 e6 11. Ne5 Be7 12. Nxc4 Nxc4 13. Qxc4 O-O 14. e4
Qb6 15. h3 Rac8 16. Be3 Qb4 17. Qc2 a6 18. Rac1 h6 19. a3 Qa5 20. Qb3 b5 21.
Rc2 Nd7 22. Rdc1 Qb6 23. Qd3 Rc7 24. b4 Rfc8 25. Bf4 Ra7 26. d5 c5 27. d6 Bg5
28. bxc5 Rxc5 29. Rxc5 Nxc5 30. Qe3 Bxf4 31. gxf4 Nd7 32. e5 Qb8 33. Qc3 Nb6
34. Qc6 Qd8 35. Rd1 g6 36. Qc5 Qb8 37. Bc6 Nd7 38. Bxd7 Rxd7 39. Qc6 Qa7 40.
Rc1 Kg7 41. Qc8 g5 42. Rc7 Rxc7 43. dxc7 Qc5 44. Qd8 Qc1+ 45. Kg2 Qc6+ 46. Kh2
Qc2 47. Qf6+ Kg8 48. fxg5 hxg5 49. Qd8+ Kg7 50. Kg3 Qc3+ 51. Kg2 Qc6+ 52. Kf1
Qc1+ 53. Ke2 Qc2+ 54. Ke3 Qc1+ 55. Kd3 Qc4+ 56. Kd2 Qf4+ 57. Kd1 Qf3+ 58. Kc2
Qxf2+ 59. Qd2 Qc5+ 60. Qc3 1-0

[Event "4NCL/Div2/ATH1 vs. KHE"]
[Site "West Bromwich ENG"]
[Date "2002.11.23"]
[Round "1.7"]
[White "Scrimgour, Alan"]
[Black "Cawte, Paul S"]
[Result "1/2-1/2"]
[WhiteElo "2024"]
[BlackElo "2120"]
[PlyCount "35"]
[EventDate "2002.11.23"]

1. e4 e6 2. d4 d5 3. Nc3 Bb4 4. e5 c5 5. a3 Bxc3+ 6. bxc3 Ne7 7. a4 Qa5 8. Bd2
Nbc6 9. Nf3 Qc7 10. Bb5 Bd7 11. O-O O-O-O 12. Re1 f6 13. Bc1 Ng6 14. Bxc6 Qxc6
15. Ba3 c4 16. a5 Kb8 17. Qd2 h5 18. Reb1 1/2-1/2

[Event "4NCL/Div2/NWE1 vs. ATH1"]
[Site "West Bromwich ENG"]
[Date "2002.11.24"]
[Round "2.1"]
[White "Shaw, John K"]
[Black "Wade, Robert G"]
[Result "1-0"]
[WhiteElo "2484"]
[BlackElo "2213"]
[PlyCount "93"]
[EventDate "2002.11.24"]

1. e4 c6 2. d4 d5 3. Nc3 dxe4 4. Nxe4 Nf6 5. Nxf6+ exf6 6. Bc4 Qe7+ 7. Qe2 Be6
8. Bxe6 Qxe6 9. Bf4 Nd7 10. O-O-O O-O-O 11. Qxe6 fxe6 12. Nf3 Bb4 13. c3 Ba5
14. Rhe1 Rhe8 15. Re4 Bc7 16. Bxc7 Kxc7 17. Rde1 Nf8 18. Kc2 Re7 19. Nh4 Red7
20. R1e2 Rd5 21. g3 c5 22. dxc5 Rxc5 23. f4 Rd6 24. Nf3 Kd7 25. Ra4 a6 26. Rb4
Kc7 27. Rbe4 Kd7 28. a4 h6 29. h4 Rdd5 30. b4 Rc8 31. a5 Rc6 32. Nd4 Rcd6 33.
Nb3 b6 34. c4 Rh5 35. axb6 Rxb6 36. Rd2+ Kc7 37. c5 Rb8 38. Rd6 Ra8 39. Nd4 e5
40. g4 Rxh4 41. fxe5 f5 42. Nxf5 Rh2+ 43. Kb3 a5 44. b5 a4+ 45. Rxa4 Rb2+ 46.
Kxb2 Rxa4 47. Nd4 1-0

[Event "4NCL/Div2/NWE1 vs. ATH1"]
[Site "West Bromwich ENG"]
[Date "2002.11.24"]
[Round "2.2"]
[White "Quinn, John M"]
[Black "Crouch, Colin S"]
[Result "0-1"]
[WhiteElo "2196"]
[BlackElo "2388"]
[PlyCount "78"]
[EventDate "2002.11.24"]

1. d4 Nf6 2. c4 e6 3. Nc3 Bb4 4. Qc2 O-O 5. a3 Bxc3+ 6. Qxc3 b6 7. f3 c5 8. e3
Nc6 9. dxc5 bxc5 10. b4 d6 11. Bb2 Bb7 12. Nh3 cxb4 13. axb4 a5 14. b5 Nb4 15.
Be2 Qb6 16. O-O e5 17. Rfd1 Rac8 18. Qd2 Rfe8 19. Bc3 d5 20. Rxa5 Qxa5 21. Bxb4
Qa7 22. c5 Rxc5 23. Bxc5 Qxc5 24. Rc1 Qb6 25. Nf2 Nd7 26. e4 Nf6 27. exd5 e4
28. Qc3 Nxd5 29. Qc5 Qxc5 30. Rxc5 exf3 31. gxf3 Rxe2 32. Ne4 Ne3 33. Rc7 Rg2+
34. Kh1 Rc2 35. b6 Rxc7 36. bxc7 Nc4 37. Kg2 Kf8 38. Nc5 Bc8 39. Kf2 Ke7 0-1

[Event "4NCL/Div2/NWE1 vs. ATH1"]
[Site "West Bromwich ENG"]
[Date "2002.11.24"]
[Round "2.3"]
[White "Charleshouse, Glenn L"]
[Black "Spivack, Simon"]
[Result "1/2-1/2"]
[WhiteElo "2284"]
[BlackElo "2162"]
[PlyCount "140"]
[EventDate "2002.11.24"]

1. e4 e5 2. Nf3 Nc6 3. Bb5 a6 4. Bxc6 dxc6 5. O-O f6 6. d4 Bg4 7. dxe5 Qxd1 8.
Rxd1 Bxf3 9. gxf3 fxe5 10. Rd3 Bd6 11. Nd2 b5 12. f4 exf4 13. Nf3 g5 14. Nxg5
Nf6 15. Nh3 Rg8+ 16. Kf1 Rg4 17. Rf3 Nxe4 18. Bxf4 O-O-O 19. Re1 Re8 20. Re2
Kd7 21. Rfe3 Nf6 22. Rxe8 Nxe8 23. Bg3 Nf6 24. Ng1 Nd5 25. Nf3 Ra4 26. a3 b4
27. axb4 Nxb4 28. c3 Nd3 29. Rd2 Nf4 30. Rd1 Ke6 31. Nd4+ Ke5 32. Nxc6+ Ke4 33.
Nd4 Ra2 34. f3+ Ke5 35. Ne2 Kf5 36. Nxf4 Bxf4 37. Rd5+ Ke6 38. Rh5 Bd6 39. b4
Rc2 40. Rh6+ Kd5 41. Bxd6 cxd6 42. Rxh7 Rxc3 43. Kg2 Rc4 44. Ra7 Rxb4 45. Rxa6
Ke5 46. Kg3 d5 47. h4 Rb1 48. h5 Rh1 49. h6 Kf5 50. Ra5 Rxh6 51. Rxd5+ Ke6 52.
Ra5 Kf7 53. Ra7+ Kf8 54. f4 Rb6 55. Kg4 Rc6 56. Kg5 Rb6 57. f5 Rc6 58. Rh7 Kg8
59. Re7 Kf8 60. Rd7 Ra6 61. Kf4 Ke8 62. Rd5 Kf7 63. Ke5 Rb6 64. Rd7+ Kf8 65.
Rh7 Ra6 66. Kf4 Kg8 67. Rd7 Kf8 68. Kg5 Rb6 69. Rc7 Ra6 70. f6 Ra1 1/2-1/2

[Event "4NCL/Div2/NWE1 vs. ATH1"]
[Site "West Bromwich ENG"]
[Date "2002.11.24"]
[Round "2.4"]
[White "Johansson, Toni"]
[Black "Quillan, Gary"]
[Result "0-1"]
[WhiteElo "2143"]
[BlackElo "2305"]
[PlyCount "46"]
[EventDate "2002.11.24"]

1. c4 e5 2. Nc3 Nf6 3. g3 Bb4 4. Bg2 O-O 5. e4 Bxc3 6. dxc3 d6 7. Ne2 Be6 8. b3
Na6 9. O-O Nc5 10. Qc2 Qd7 11. f3 a6 12. Be3 b5 13. cxb5 axb5 14. Bxc5 dxc5 15.
f4 Bh3 16. fxe5 Bxg2 17. Kxg2 Ng4 18. Rf3 Nxe5 19. Rd1 Rxa2 20. Qxa2 Qxd1 21.
Rf1 Ng4 22. Rf4 Ne3+ 23. Kf2 Nc2 0-1

[Event "4NCL/Div2/NWE1 vs. ATH1"]
[Site "West Bromwich ENG"]
[Date "2002.11.24"]
[Round "2.5"]
[White "Richards, Heather"]
[Black "Wismayer, Clive R"]
[Result "0-1"]
[WhiteElo "2264"]
[BlackElo "2088"]
[PlyCount "144"]
[EventDate "2002.11.24"]

1. e4 e6 2. d4 d5 3. Nc3 dxe4 4. Nxe4 Bd7 5. Bd3 Bc6 6. Nf3 Nd7 7. Qe2 Ngf6 8.
Neg5 h6 9. Nxe6 fxe6 10. Bg6+ Ke7 11. Bf5 Qe8 12. Nh4 Qh5 13. Ng6+ Kd8 14. Qxh5
Nxh5 15. Nxh8 exf5 16. O-O Bd5 17. Ng6 Bd6 18. b3 b5 19. Bd2 Ke8 20. Nh4 f4 21.
Nf5 Bf8 22. g4 fxg3 23. fxg3 Nhf6 24. Ne3 Be4 25. Rae1 Kd8 26. c4 bxc4 27. bxc4
Rb8 28. Bc3 Bb4 29. Bxb4 Rxb4 30. Rf2 a5 31. h3 c5 32. dxc5 Nxc5 33. Rd2+ Kc7
34. Rc1 Nd3 35. Rcd1 Ne5 36. Kf2 Bc6 37. Re2 Ne4+ 38. Kg1 Nc3 39. Nd5+ Bxd5 40.
Rxe5 Nxd1 41. Rxd5 Ne3 42. Rxa5 Nxc4 43. Ra7+ Rb7 44. Rxb7+ Kxb7 45. Kf2 Kc6
46. Kf3 Kd5 47. Kg4 Ke4 48. Kh5 Kf5 49. a4 Na5 50. g4+ Kf6 51. Kh4 g6 52. Kg3
g5 53. Kf3 Ke5 54. Ke3 Nb7 55. Ke2 Ke4 56. Kf2 Kf4 57. Kg2 Ke3 58. Kg3 Ke2 59.
Kg2 Na5 60. Kg3 Kf1 61. Kf3 Kg1 62. Kg3 Nb7 63. h4 Na5 64. h5 Nb3 65. Kf3 Nc5
66. a5 Kh2 67. a6 Nxa6 68. Ke4 Kg3 69. Kf5 Nc5 70. Kg6 Kxg4 71. Kxh6 Ne6 72.
Kg6 Nf4+ 0-1

[Event "4NCL/Div2/NWE1 vs. ATH1"]
[Site "West Bromwich ENG"]
[Date "2002.11.24"]
[Round "2.6"]
[White "Milligan, Helen"]
[Black "Littlewood, John E"]
[Result "0-1"]
[WhiteElo "2135"]
[BlackElo "2292"]
[PlyCount "84"]
[EventDate "2002.11.24"]

1. e4 e5 2. Nf3 d6 3. d4 exd4 4. Nxd4 g6 5. Be2 Bg7 6. O-O Nc6 7. Be3 Nf6 8.
Nxc6 bxc6 9. Nc3 O-O 10. f4 Nxe4 11. Bd4 Nxc3 12. bxc3 c5 13. Bxg7 Kxg7 14. Rb1
Qf6 15. Qd2 Bf5 16. Bf3 Rab8 17. Rb3 Be6 18. Ra3 Bc4 19. Re1 a6 20. Be2 Bxe2
21. Qxe2 Rb2 22. Qe4 Rfb8 23. h3 Rb1 24. Rxb1 Rxb1+ 25. Kh2 h5 26. Qf3 Qe6 27.
h4 Qe1 28. Kh3 Qg1 29. c4 Qh1+ 30. Kg3 Qe1+ 31. Qf2 Qb4 32. Rb3 Rxb3+ 33. cxb3
Qc3+ 34. Kh2 Kf6 35. Qe2 Qd4 36. g3 a5 37. Qc2 c6 38. Qe2 d5 39. cxd5 cxd5 40.
Qa6+ Kf5 41. Qxa5 Qf2+ 42. Kh1 Kg4 0-1

[Event "4NCL/Div2/NWE1 vs. ATH1"]
[Site "West Bromwich ENG"]
[Date "2002.11.24"]
[Round "2.7"]
[White "Hughes, Howard R"]
[Black "McDonnell, James"]
[Result "1-0"]
[WhiteElo "2072"]
[BlackElo "2054"]
[PlyCount "91"]
[EventDate "2002.11.24"]

1. e4 c5 2. d4 cxd4 3. c3 dxc3 4. Nxc3 Nc6 5. Nf3 d6 6. Bc4 e6 7. O-O Nf6 8.
Qe2 a6 9. Rd1 Qc7 10. Bf4 Be7 11. Rac1 Bd7 12. Bb3 Qb8 13. e5 Nh5 14. Bg5 dxe5
15. Bxe7 Kxe7 16. Qe3 Nf6 17. Na4 Rd8 18. Nb6 Ra7 19. Nc4 Kf8 20. Ncxe5 Ne7 21.
Ng5 Ned5 22. Bxd5 Nxd5 23. Qa3+ Kg8 24. Ngxf7 Bb5 25. Nxd8 Qxd8 26. Rc2 Ra8 27.
Qf3 Qf6 28. Rdc1 Qxf3 29. Nxf3 h6 30. Ne5 Rf8 31. Rc8 g5 32. b3 Rxc8 33. Rxc8+
Kg7 34. Rb8 b6 35. a4 Be2 36. Rb7+ Kg8 37. Nd7 b5 38. Nc5 bxa4 39. bxa4 Nc3 40.
a5 Bc4 41. f3 Ne2+ 42. Kf2 Nf4 43. Ra7 Nd3+ 44. Nxd3 Bxd3 45. Ke3 Bb5 46. Kd4
1-0

[Event "4NCL/Div2/NWE1 vs. ATH1"]
[Site "West Bromwich ENG"]
[Date "2002.11.24"]
[Round "2.8"]
[White "McKeown, Paul"]
[Black "Gillibrand, John"]
[Result "1/2-1/2"]
[WhiteElo "2043"]
[BlackElo "2054"]
[PlyCount "55"]
[EventDate "2002.11.24"]

1. Na3 e5 2. Nf3 d6 3. d3 f5 4. g3 Nf6 5. Bg2 Be7 6. O-O O-O 7. c3 c6 8. Bg5
Kh8 9. d4 e4 10. Nh4 Ng4 11. Bxe7 Qxe7 12. h3 Nf6 13. f4 Nh5 14. Qe1 d5 15. Kh2
Be6 16. Nc2 Nd7 17. Ne3 g6 18. Bh1 Ndf6 19. Qf2 b6 20. a4 c5 21. Nc2 Rfd8 22.
Ng2 c4 23. Nge3 a5 24. Na3 Bd7 25. Nb1 Qe8 26. Rg1 Ng7 27. g4 Qf7 28. Nd2
1/2-1/2

[Event "4NCL/Div2/KHE vs. WES1"]
[Site "West Bromwich ENG"]
[Date "2002.11.24"]
[Round "2.1"]
[White "Jossien, Arnaud"]
[Black "Webb, Richard M"]
[Result "1/2-1/2"]
[WhiteElo "2355"]
[BlackElo "2372"]
[PlyCount "53"]
[EventDate "2002.11.24"]

1. e4 c5 2. Nf3 d6 3. c3 Nf6 4. Be2 g6 5. O-O Bg7 6. Re1 O-O 7. Bf1 Nc6 8. h3
e5 9. d3 Re8 10. a3 d5 11. Nbd2 d4 12. cxd4 cxd4 13. b4 a6 14. Nb3 b6 15. Nfd2
Be6 16. Nc4 b5 17. Nca5 Nxa5 18. Nxa5 Qb6 19. Bd2 Nd7 20. Rc1 Rac8 21. Rxc8
Rxc8 22. Qb1 Rc7 23. Rc1 Bf8 24. Be2 Bd6 25. Bd1 Rxc1 26. Qxc1 Qc7 27. Kf1
1/2-1/2

[Event "4NCL/Div2/KHE vs. WES1"]
[Site "West Bromwich ENG"]
[Date "2002.11.24"]
[Round "2.2"]
[White "Poulton, James"]
[Black "Berry, Stephen H"]
[Result "1-0"]
[WhiteElo "2397"]
[BlackElo "2335"]
[PlyCount "39"]
[EventDate "2002.11.24"]

1. d4 Nf6 2. c4 e6 3. Nc3 Bb4 4. e3 O-O 5. Nge2 d5 6. a3 Be7 7. cxd5 Nxd5 8. g3
b6 9. Bg2 Bb7 10. Nxd5 Bxd5 11. e4 Bb7 12. O-O Nd7 13. Qa4 c5 14. Rd1 Qc8 15.
d5 exd5 16. exd5 Bf6 17. Bh3 Rd8 18. Nc3 a6 19. Ne4 b5 20. Nxf6+ 1-0

[Event "4NCL/Div2/KHE vs. WES1"]
[Site "West Bromwich ENG"]
[Date "2002.11.24"]
[Round "2.3"]
[White "McMichael, Richard"]
[Black "Corkett, Anthony R"]
[Result "1/2-1/2"]
[WhiteElo "2294"]
[BlackElo "2313"]
[PlyCount "98"]
[EventDate "2002.11.24"]

1. e4 c5 2. Nc3 e6 3. f4 a6 4. Nf3 Nc6 5. g3 d5 6. Bg2 d4 7. Nb1 Nf6 8. d3 Be7
9. O-O b5 10. a4 Bb7 11. Na3 Qb6 12. Qe2 c4 13. Kh1 cxd3 14. cxd3 Nd7 15. Bd2
Nc5 16. a5 Qd8 17. b4 Nb3 18. Rab1 Nxd2 19. Qxd2 O-O 20. Nc2 Qd6 21. Qf2 Rad8
22. e5 Qd7 23. Nd2 f5 24. exf6 gxf6 25. f5 Ne5 26. fxe6 Bxg2+ 27. Qxg2 Qxe6 28.
Nf3 Nxf3 29. Qxf3 Qd5 30. Qxd5+ Rxd5 31. Rf4 Rfd8 32. Re1 Re5 33. Ree4 Rxe4 34.
Rxe4 Kf7 35. Nxd4 Bf8 36. Ne6 Rxd3 37. Nxf8 Kxf8 38. Re6 Kf7 39. Rxa6 Rd4 40.
Rb6 Rxb4 41. Kg2 Rb1 42. a6 Ra1 43. h4 b4 44. h5 Kg7 45. Kf3 b3 46. Kg4 b2 47.
Rxb2 Ra4+ 48. Kh3 Rxa6 49. Rb5 Ra4 1/2-1/2

[Event "4NCL/Div2/KHE vs. WES1"]
[Site "West Bromwich ENG"]
[Date "2002.11.24"]
[Round "2.4"]
[White "Upton, Ian J"]
[Black "Kwiatkowski, Feliks J"]
[Result "1/2-1/2"]
[WhiteElo "2224"]
[BlackElo "2252"]
[PlyCount "92"]
[EventDate "2002.11.24"]

1. d4 Nf6 2. c4 g6 3. Nc3 Bg7 4. e4 d6 5. Be2 O-O 6. Bg5 Na6 7. Qc1 e5 8. d5 c6
9. Nf3 cxd5 10. cxd5 Bd7 11. O-O Nc5 12. b4 Na4 13. Nxa4 Bxa4 14. Qa3 Qd7 15.
Nd2 b5 16. Rfc1 Rfc8 17. Qd3 Rc7 18. Nb3 Rac8 19. Rxc7 Rxc7 20. Rc1 Rxc1+ 21.
Bxc1 Qc7 22. Bd2 Bxb3 23. axb3 a6 24. g3 h5 25. f3 Kh7 26. Qc3 Qxc3 27. Bxc3
Bh6 28. Kf2 h4 29. Bd3 hxg3+ 30. hxg3 Nd7 31. Bf1 Kg8 32. Bh3 Nb6 33. Ke2 Kf8
34. Be1 Ke7 35. Bf2 Nd7 36. Kd3 Kd8 37. Be1 Kc7 38. Bf2 Nf6 39. Be1 Bc1 40. Bf2
Bg5 41. Be1 Bc1 42. Bf2 Nh7 43. Kc2 Bg5 44. Kd3 Bh6 45. Bg4 Nf6 46. Bh3 Bc1
1/2-1/2

[Event "4NCL/Div2/KHE vs. WES1"]
[Site "West Bromwich ENG"]
[Date "2002.11.24"]
[Round "2.5"]
[White "Okike, David C"]
[Black "Simons, Martin J"]
[Result "1/2-1/2"]
[WhiteElo "2163"]
[BlackElo "2262"]
[PlyCount "71"]
[EventDate "2002.11.24"]

1. e4 Nc6 2. Nc3 Nf6 3. f4 d5 4. e5 d4 5. exf6 dxc3 6. fxg7 cxd2+ 7. Bxd2 Bxg7
8. c3 Qd5 9. Qf3 Be6 10. Be2 O-O-O 11. Qxd5 Bxd5 12. Bf3 e5 13. Bxd5 Rxd5 14.
O-O-O Bh6 15. Ne2 Rhd8 16. Be3 Rd3 17. Rxd3 Rxd3 18. Bd2 f6 19. Kc2 Rd5 20. Rf1
Kd7 21. Bc1 Ke8 22. Ng3 Kf7 23. fxe5 Bxc1 24. Rxf6+ Ke7 25. Nf5+ Ke8 26. Kxc1
Nxe5 27. Ne3 Nd3+ 28. Kd2 Rd7 29. Kc2 Ne1+ 30. Kc1 Nd3+ 31. Kb1 Re7 32. Rf3 Ne5
33. Rh3 Ng6 34. Kc2 Nf4 35. Rf3 Nxg2 36. Nxg2 1/2-1/2

[Event "4NCL/Div2/KHE vs. WES1"]
[Site "West Bromwich ENG"]
[Date "2002.11.24"]
[Round "2.6"]
[White "Yeo, Michael J"]
[Black "Thomas, Richard H"]
[Result "1/2-1/2"]
[WhiteElo "2224"]
[BlackElo "2204"]
[PlyCount "40"]
[EventDate "2002.11.24"]

1. e4 g6 2. d4 Bg7 3. Nc3 c6 4. f4 d5 5. e5 h5 6. Nf3 Bg4 7. h3 Bxf3 8. Qxf3 e6
9. Be3 h4 10. O-O-O Ne7 11. Bd3 Na6 12. g4 hxg3 13. h4 Nb4 14. h5 Nxd3+ 15.
cxd3 gxh5 16. Rxh5 Rxh5 17. Qxh5 Nf5 18. Qf3 Qe7 19. Ne2 O-O-O 20. Nxg3 Nxg3
1/2-1/2

[Event "4NCL/Div2/KHE vs. WES1"]
[Site "West Bromwich ENG"]
[Date "2002.11.24"]
[Round "2.7"]
[White "Mackenzie, Colin"]
[Black "Neil, David R"]
[Result "1-0"]
[WhiteElo "2155"]
[BlackElo "2204"]
[PlyCount "65"]
[EventDate "2002.11.24"]

1. Nf3 Nf6 2. c4 g6 3. g3 Bg7 4. Bg2 d6 5. O-O O-O 6. d3 e5 7. Nc3 Nc6 8. Rb1
a5 9. a3 h6 10. b4 axb4 11. axb4 Be6 12. b5 Ne7 13. Bb2 Qd7 14. Re1 Bh3 15. Bh1
Ng4 16. Bg2 Bxg2 17. Kxg2 f5 18. Qb3 Kh7 19. h3 Nf6 20. c5 e4 21. dxe4 fxe4 22.
Nd4 d5 23. Na4 Nf5 24. c6 Nxd4 25. Bxd4 bxc6 26. Nc5 Qf5 27. bxc6 Rf7 28. f4
Nh5 29. Bxg7 Nxg7 30. g4 Qf6 31. Qxd5 Ra5 32. Rbc1 Re7 33. Nd7 1-0

[Event "4NCL/Div2/3CS1 vs. AD2"]
[Site "West Bromwich ENG"]
[Date "2002.11.24"]
[Round "2.1"]
[White "Arkell, Keith C"]
[Black "Wheeler, Darren P"]
[Result "1/2-1/2"]
[WhiteElo "2521"]
[BlackElo "2210"]
[PlyCount "86"]
[EventDate "2002.11.24"]

1. d4 e6 2. c4 Nf6 3. Nf3 d5 4. Nc3 c5 5. cxd5 exd5 6. g3 Nc6 7. Bg2 Be7 8. O-O
O-O 9. Bg5 Be6 10. dxc5 Bxc5 11. Bxf6 Qxf6 12. Nxd5 Qxb2 13. Nc7 Rad8 14. Qc1
Qxc1 15. Raxc1 Bb6 16. Nxe6 fxe6 17. e3 h6 18. Rc2 Rd6 19. Nd2 Nb4 20. Rb2 Nd3
21. Nc4 Nxb2 22. Nxd6 Rd8 23. Nxb7 Rd2 24. Bf3 Kf7 25. a4 Nxa4 26. Ra1 Nc5 27.
Na5 Nd3 28. Nc4 Rc2 29. Nxb6 axb6 30. Be4 Rc1+ 31. Rxc1 Nxc1 32. Kf1 Ke7 33.
Ke1 Nb3 34. Bc2 Na5 35. Kd2 Kd6 36. f4 b5 37. Bg6 b4 38. Kd3 Kd5 39. e4+ Kc5
40. Bf7 Kd6 41. h4 Nb3 42. Bg8 Nc5+ 43. Kd4 Nb3+ 1/2-1/2

[Event "4NCL/Div2/3CS1 vs. AD2"]
[Site "West Bromwich ENG"]
[Date "2002.11.24"]
[Round "2.2"]
[White "Churm, Rohan M"]
[Black "Davies, Nigel R"]
[Result "1-0"]
[WhiteElo "2164"]
[BlackElo "2483"]
[PlyCount "109"]
[EventDate "2002.11.24"]

1. e4 Nf6 2. e5 Nd5 3. d4 d6 4. exd6 cxd6 5. c4 Nc7 6. Nc3 g6 7. Be3 Bg7 8. Be2
O-O 9. h4 d5 10. h5 e5 11. hxg6 hxg6 12. Nf3 e4 13. Ne5 Nc6 14. cxd5 Nxd5 15.
Nxc6 bxc6 16. Bh6 Bxh6 17. Rxh6 Qg5 18. Rh2 Re8 19. Kf1 Nf4 20. Bc4 Rb8 21. Qd2
e3 22. fxe3 Qg3 23. Kg1 Rxe3 24. Rf1 Bf5 25. d5 Nxd5 26. Bxd5 cxd5 27. Nxd5
Rbe8 28. Qd4 Qe5 29. Qxe3 Qxe3+ 30. Nxe3 Rxe3 31. Rh4 Re2 32. Rf2 Re1+ 33. Kh2
Be4 34. Rh3 a6 35. Rb3 Bd5 36. Rb6 Bxa2 37. b3 Bb1 38. Rxa6 Be4 39. Rb2 Kf8 40.
Ra7 Bd5 41. b4 Re7 42. Rxe7 Kxe7 43. b5 Kd6 44. b6 Bb7 45. Rc2 Bc6 46. Kg3 f6
47. Kf4 Kd5 48. Rc1 Kd6 49. g3 Kd5 50. Ke3 g5 51. Rf1 Ke5 52. g4 Ke6 53. Kd4
Bb7 54. Rc1 f5 55. Rc7 1-0

[Event "4NCL/Div2/3CS1 vs. AD2"]
[Site "West Bromwich ENG"]
[Date "2002.11.24"]
[Round "2.3"]
[White "Clarke, Stuart W"]
[Black "Gunter, David WW"]
[Result "1-0"]
[WhiteElo "2287"]
[BlackElo "2152"]
[PlyCount "53"]
[EventDate "2002.11.24"]

1. e4 e6 2. d4 d5 3. Nd2 c5 4. exd5 Qxd5 5. Ngf3 cxd4 6. Bc4 Qd6 7. O-O Nf6 8.
Nb3 Nc6 9. Nbxd4 Nxd4 10. Nxd4 Bd7 11. c3 Qc7 12. Qe2 Bd6 13. h3 O-O 14. Bg5
Kh8 15. Bb3 a6 16. Qf3 Ng8 17. Rad1 Rae8 18. Rfe1 b5 19. Qd3 Bc8 20. Nf3 Be7
21. Bc2 f5 22. Bb3 Bxg5 23. Nxg5 e5 24. Bxg8 Rxg8 25. Qd6 Qb7 26. Rxe5 h6 27.
Qg6 1-0

[Event "4NCL/Div2/3CS1 vs. AD2"]
[Site "West Bromwich ENG"]
[Date "2002.11.24"]
[Round "2.4"]
[White "Howell, Christopher I"]
[Black "James, Dale R"]
[Result "1/2-1/2"]
[WhiteElo "2152"]
[BlackElo "2214"]
[PlyCount "57"]
[EventDate "2002.11.24"]

1. e4 c5 2. c3 Nf6 3. e5 Nd5 4. Nf3 Nc6 5. d4 cxd4 6. Bc4 Nb6 7. Bb3 d5 8. exd6
e6 9. cxd4 Bxd6 10. Nc3 Ne7 11. O-O Ng6 12. Re1 O-O 13. Ng5 h6 14. Nge4 Bb8 15.
g3 Nd7 16. d5 exd5 17. Nxd5 Nde5 18. f3 Be6 19. Be3 Qa5 20. Kg2 Nc6 21. Nc5 Bc8
22. Qc1 Be5 23. Rd1 Bf5 24. Bc2 Bxc2 25. Qxc2 Rac8 26. f4 Nd4 27. Bxd4 Bxd4 28.
b4 Rxc5 29. Qxc5 1/2-1/2

[Event "4NCL/Div2/3CS1 vs. AD2"]
[Site "West Bromwich ENG"]
[Date "2002.11.24"]
[Round "2.5"]
[White "Bentley, John L"]
[Black "Spanton, Timothy"]
[Result "1-0"]
[WhiteElo "2163"]
[BlackElo "2005"]
[PlyCount "81"]
[EventDate "2002.11.24"]

1. d4 d5 2. c4 Nc6 3. cxd5 Qxd5 4. Nf3 e5 5. Nc3 Bb4 6. Bd2 Bxc3 7. Bxc3 e4 8.
Nd2 e3 9. fxe3 Nf6 10. Qb3 O-O 11. Qxd5 Nxd5 12. Kf2 f5 13. g3 Re8 14. Nc4 b5
15. Bg2 Be6 16. Ne5 Nxe5 17. dxe5 Rac8 18. Bxd5 Bxd5 19. Rhd1 Be6 20. b4 Red8
21. Bd4 a6 22. Rdc1 c6 23. a4 Bd5 24. axb5 axb5 25. Ra7 Ra8 26. Rca1 Rxa7 27.
Rxa7 g6 28. Bc5 Re8 29. Be7 h6 30. Bf6 Bf7 31. Rc7 Re6 32. Rc8+ Be8 33. h4 Kf8
34. Rc7 Bf7 35. Kf3 Kg8 36. Kf4 h5 37. Kg5 Kf8 38. Kh6 Kg8 39. Rc8+ Be8 40. Rb8
Kf8 41. Kh7 1-0

[Event "4NCL/Div2/3CS1 vs. AD2"]
[Site "West Bromwich ENG"]
[Date "2002.11.24"]
[Round "2.6"]
[White "Pritchard, David"]
[Black "Ashton, Adam G"]
[Result "1/2-1/2"]
[WhiteElo "1768"]
[BlackElo "2175"]
[PlyCount "100"]
[EventDate "2002.11.24"]

1. e4 e5 2. Nf3 Nc6 3. d4 exd4 4. Bc4 Nf6 5. O-O Nxe4 6. Re1 d5 7. Bxd5 Qxd5 8.
Nc3 Qh5 9. Nxe4 Be6 10. Bg5 h6 11. Bf6 Qg6 12. Nh4 Qg4 13. Qxg4 Bxg4 14. Nc5+
Be6 15. Nxe6 fxe6 16. Be5 Nxe5 17. Rxe5 Kf7 18. Rae1 Re8 19. R5e4 g5 20. Nf3 c5
21. Ne5+ Kg7 22. Nd7 Rd8 23. Ne5 Bd6 24. Nc4 Rhe8 25. Rxe6 Rxe6 26. Rxe6 Bf8
27. a4 Kf7 28. Re4 Re8 29. Rxe8 Kxe8 30. Kf1 Kd7 31. Ke2 Kc6 32. b3 a6 33. Kd3
b5 34. axb5+ axb5 35. Nd2 Kd5 36. Nf3 c4+ 37. bxc4+ bxc4+ 38. Ke2 Bb4 39. h4 g4
40. Nh2 h5 41. Nf1 Bd6 42. Kd1 Bf4 43. Nd2 Be5 44. Nf1 Bf6 45. Ng3 Bxh4 46.
Nxh5 Ke5 47. Ke2 Kf5 48. g3 Bg5 49. f3 Kg6 50. fxg4 Bc1 1/2-1/2

[Event "4NCL/Div2/3CS1 vs. AD2"]
[Site "West Bromwich ENG"]
[Date "2002.11.24"]
[Round "2.7"]
[White "Kosteniuk, Oksana"]
[Black "Rea, Bill"]
[Result "1-0"]
[WhiteElo "2184"]
[BlackElo "1656"]
[PlyCount "113"]
[EventDate "2002.11.24"]

1. e4 e5 2. Nf3 Nc6 3. Bc4 d6 4. c3 h6 5. d3 Qf6 6. Be3 Nge7 7. Nbd2 Ng6 8. h4
Bd7 9. Ng5 hxg5 10. Bxg5 Qxg5 11. hxg5 Rxh1+ 12. Nf1 Na5 13. Bd5 c6 14. Bb3
Nxb3 15. axb3 Be7 16. Qf3 Nh4 17. Qg3 Ng6 18. O-O-O a5 19. Kd2 Be6 20. Kc2 a4
21. bxa4 Rxa4 22. Qe3 c5 23. g3 Bh3 24. Nd2 Rxd1 25. Kxd1 b5 26. f4 f5 27. gxf6
Bxf6 28. f5 Bg4+ 29. Kc2 Ne7 30. Kb1 Nc6 31. Nf3 Na5 32. b4 Nb7 33. Nh2 Bd1 34.
g4 Bb3 35. g5 Bd8 36. Ng4 cxb4 37. cxb4 Rxb4 38. Kc1 Nc5 39. f6 Rd4 40. Nf2 g6
41. Qh3 Bf7 42. Qh8+ Kd7 43. Qg7 Ke6 44. Qf8 Nb7 45. Ng4 Rxd3 46. Kc2 Rd4 47.
Nh6 Rc4+ 48. Kb2 Rc7 49. Nxf7 Bxf6 50. Nh8 Bxg5 51. Nxg6 Rf7 52. Qc8+ Kf6 53.
Qf5+ Kg7 54. Qxg5 Rf2+ 55. Ka3 Rf3+ 56. Kb4 Kf7 57. Nxe5+ 1-0